El pensamiento de Santo Tomás
Parte de su concepción metafísica y la explicación del mundo, con lo que da paso a la cuestión de la creación de Dios. Seguidamente se estudia el pensamiento antropológico desde dos vertientes, por un lado la perspectiva ontológica sujeta la clásica dualidad cuerpo-alma, por otro lado la perspectiva...
Gardado en:
| Autor Principal: | |
|---|---|
| Formato: | Libro |
| Idioma: | Undetermined |
| Publicado: |
México, Distrito Federal
Fondo de Cultura Económico
1960
|
| Materias: | |
| Etiquetas: |
Engadir etiqueta
Sen Etiquetas, Sexa o primeiro en etiquetar este rexistro!
|
MARC
| LEADER | 00000nam a2200000Ia 4500 | ||
|---|---|---|---|
| 008 | 170316s9999 xx 000 0 und d | ||
| 040 | |a cru BVZT | ||
| 090 | |a 100 C-41p | ||
| 100 | |a Copleston, Frederick Charles |9 1647 | ||
| 245 | |a El pensamiento de Santo Tomás |c / Frederick Charles Copleston | ||
| 260 | |a México, Distrito Federal |b Fondo de Cultura Económico |c 1960 | ||
| 300 | |a 295 páginas | ||
| 520 | |a Parte de su concepción metafísica y la explicación del mundo, con lo que da paso a la cuestión de la creación de Dios. Seguidamente se estudia el pensamiento antropológico desde dos vertientes, por un lado la perspectiva ontológica sujeta la clásica dualidad cuerpo-alma, por otro lado la perspectiva ética subdividida entre moral y sociedad. Finalmente, se presenta un apartado sobre el tomismo, es decir, un esbozo sobre la tradición interpretativa de la filosofía del doctor de la iglesia | ||
| 650 | |a FILOSOFÍA |9 5 | ||
| 999 | |c 15931 |d 15931 | ||
| 942 | |c 15 D |h 100 C-41p |2 z | ||
